The conflict and communication activity book
Đã lưu trong:
| 主要作者: | |
|---|---|
| 格式: | 圖書 |
| 語言: | Undetermined |
| 出版: |
New York
American Management Association
1993
|
| 標簽: |
添加標簽
沒有標簽, 成為第一個標記此記錄!
|
| Thư viện lưu trữ: | Trung tâm Học liệu Trường Đại học Cần Thơ |
|---|
| LEADER | 00434nam a2200157Ia 4500 | ||
|---|---|---|---|
| 001 | CTU_65887 | ||
| 008 | 210402s9999 xx 000 0 und d | ||
| 020 | |b 594000 | ||
| 082 | |a 658.4 | ||
| 082 | |b W823 | ||
| 100 | |a Bill Withers | ||
| 245 | 4 | |a The conflict and communication activity book | |
| 260 | |a New York | ||
| 260 | |b American Management Association | ||
| 260 | |c 1993 | ||
| 980 | |a Trung tâm Học liệu Trường Đại học Cần Thơ | ||